The Future of Banking (Record no. 4420)

MARC details
000 -LEADER
fixed length control field 00328nam a22001337a 4500
008 - FIXED-LENGTH DATA ELEMENTS--GENERAL INFORMATION
fixed length control field 250801b |||||||| |||| 00| 0 eng d
020 ## - INTERNATIONAL STANDARD BOOK NUMBER
ISBN 0300050585
100 ## - MAIN ENTRY--AUTHOR
Author PIERCE L. James
245 ## - TITLE STATEMENT
Title The Future of Banking
260 ## - PUBLICATION, DISTRIBUTION, ETC. (IMPRINT)
Place of publication New York
Name of publisher Vail-Ballou Press
Date of publication 1991
300 ## - COLLATION
Pagination vii, 163p.
942 ## - ADDED ENTRY ELEMENTS (KOHA)
Item type Books
050 ## - LIBRARY OF CONGRESS CALL NUMBER
Classification number HE2180
Item number .P54
Holdings
Source of classification or shelving scheme Not for loan Permanent location Current location Date acquired Accession No. Full call number Barcode. Koha item type
Library of Congress Classification   Samuel Ogbemudia Main Library, University of Abuja Samuel Ogbemudia Main Library, University of Abuja 08/01/2025 2016/48069 HE2180.P54 2025-3199 Books